000
00287nam a2200109Ia 4500
005
20251222140043.0
008
251222s1900||||xx |||||||||||||| ||spa||
082
_a
200/I61
100
_a
Francisco Interdonato
245
0
_a
Filiación Política y Originalidad de los Cristianos
942
_c
LIB
999
_c
3369
_d
3369